| 000 | 00446nam a22001817a 4500 | ||
|---|---|---|---|
| 003 | OSt | ||
| 005 | 20180116183045.0 | ||
| 008 | 160506b xxu||||| |||| 00| 0 eng d | ||
| 020 | _a0 | ||
| 040 | _c0 | ||
| 082 | _a491.425 SHA 2015 | ||
| 100 | _aDr. Safdar Ali Shah | ||
| 245 |
_aPunjabi Grammar _cDr. Safdar Ali Shah |
||
| 260 |
_aIslamabad _bNUST Publication _c2015 |
||
| 300 |
_a167 p. _bHB |
||
| 440 | _aPunjabi Grammar | ||
| 942 |
_2ddc _cBK |
||
| 999 |
_c351392 _d351392 |
||